00977nam a2200229 a 450000100100000000500170001000800410002702000150006804000250008308200150010810000340012324500590015726000350021630000210025150000630027250400280033504900090036395201270037295201130049995201180061299900170073000002256320200930021658.0101013s2006 dr 000 0 spa d a9993449431 aDO-SdBNPbspacBNPHU axxxbG633b1 aGómez Ricourt, Rafaela926710aBuscando el rostro de Dios /cRafaela Gómez Ricourt. aSanto Domingo :bGente,c2006. a131 p. ;c22 cm. aIncluye datos biográficos del autora en la contraportada aBibliografía : p. 131 aBNPD 001054708DSaGRbGRcCTd2010-10-13iLF1l0oxxx G633bp22563-30r2020-06-25te.3w2020-06-25yLFDSZPréstamo en sala 0010718PDaPDbPDcCTd2010-10-13iLF1l0oxxx G633bp22563-10r2020-06-25w2020-06-25yLFPDZNo se presta 0010718PDaPDbPDcCTd2010-10-13iLF1l0oxxx G633bp22563-20r2020-06-25te.2w2020-06-25yLFPDZNo se presta c22060d22060